00545nam a2200193Ia 4500008004100000020001800041082000800059100002900067245002600096250000600122260002800128300001500156500002400171650001500195700002700210942000700237952009000244999001700334230524s9999 xx 000 0 und d a9780195698480 bSEE aEdmund G.Seebauer942334 0aFundamental of Ethics a1 aNew DelhibOxfordc2016 a"XI,259p;" aQuantity Number: 1 aManagement aRobert L. Barry942335 cBK 00104070aTATCLbTATCLcGENd2023-05-24l0o SEEp53966r2023-05-24w2023-05-24yBK c56662d56662